| 000 | 00790nam a2200205Ia 4500 | ||
|---|---|---|---|
| 003 | GCL | ||
| 008 | 140319s9999 xx 000 0 ara d | ||
| 040 |
_aGCL / _cGCL |
||
| 082 | 0 | 4 |
_a231 _bم د |
| 100 | 1 | _aالمحاملى : ابو عبدالله الحسين بن اسماعيل بن محمد بن اسماعيل الضبى البغدادى | |
| 245 | 1 | 0 |
_aكتاب الدعاء / _cالمحاملى : ابو عبدالله الحسين بن اسماعيل بن محمد بن اسماعيل الضبى البغدادى |
| 260 |
_a[S.N] : _bدار الغرب الاسلامى ، _c1992 |
||
| 300 | _a253 ص | ||
| 490 | _a | ||
| 650 | 0 | 4 | _aالحديث |
| 650 | 0 | 4 | _aالدعاء |
| 650 | 0 | 4 | _aالادعية والاوراد |
| 650 | 0 | 4 | _aادعية واذكار |
| 942 |
_2ddc _cBK |
||
| 999 |
_c54011 _d54011 |
||